[Event "ESP-ch U12"]
[Site "Salobrena"]
[Date "2021.07.07"]
[Round "4"]
[White "Salinas Tomas, Daniel"]
[Black "Fuentes Guinot, Alejandro"]
[Result "1-0"]
[WhiteElo "2079"]
[BlackElo "1592"]
[PlyCount "111"]
[EventDate "2021.07.05"]
[EventType "swiss"]
[EventRounds "9"]
[EventCountry "ESP"]
[SourceTitle "EXT 2022"]
[Source "ChessBase"]
[SourceDate "2021.10.06"]
[SourceVersion "1"]
[SourceVersionDate "2021.10.06"]
[SourceQuality "1"]

1. d4 d5 2. c4 e6 3. Nf3 Nf6 4. g3 Be7 5. Bg2 0-0 6. 0-0 dxc4 7. Qc2 a6 8. a4 Bd7 9. Qxc4 Bc6 10. Bg5 a5 11. Nc3 Na6 12. Rac1 Rc8 13. Rfd1 Nb4 14. Bxf6 Bxf6 15. e4 Qe8 16. b3 Qe7 17. h4 g6 18. d5 Bd7 19. dxe6 Bxe6 20. Nd5 Nxd5 21. exd5 Bf5 22. Nd4 Bxd4 23. Qxd4 Qd6 24. Qc5 Qxc5 25. Rxc5 b6 26. Rc4 Rfd8 27. Rdc1 Rd7 28. g4 Bd3 29. Rc6 Ba6 30. g5 Bb7 31. Bh3 Bxc6 32. dxc6 Rdd8 33. Bxc8 Rxc8 34. Rd1 Kf8 35. Rd7 Kg7 36. Kg2 Kf8 37. Kf3 Re8 38. Rxc7 Re6 39. Kf4 Ke8 40. Rc8+ Ke7 41. c7 Kd7 42. Rf8 Kxc7 43. Rxf7+ Kd8 44. Rxh7 Re2 45. Rb7 Rxf2+ 46. Kg3 Rc2 47. Rxb6 Rc3+ 48. Kg4 Rd3 49. Rxg6 Rxb3 50. Rf6 Ke7 51. Rf4 Rb8 52. g6 Rb1 53. Kg5 Rg1+ 54. Kh6 Ke6 55. g7 Ke5 56. Rf8 1-0

[Event "ESP-ch U12"]
[Site "Salobrena"]
[Date "2021.07.06"]
[Round "3"]
[White "Fuentes Guinot, Alejandro"]
[Black "Sierra Vallina, Lionel"]
[Result "1/2-1/2"]
[WhiteElo "1592"]
[BlackElo "1927"]
[PlyCount "60"]
[EventDate "2021.07.05"]
[EventType "swiss"]
[EventRounds "9"]
[EventCountry "ESP"]
[SourceTitle "EXT 2022"]
[Source "ChessBase"]
[SourceDate "2021.10.06"]
[SourceVersion "1"]
[SourceVersionDate "2021.10.06"]
[SourceQuality "1"]

1. d4 Nf6 2. Bf4 d5 3. e3 c5 4. c3 Nc6 5. Nd2 e6 6. Ngf3 Bd6 7. Bg3 b6 8. Bd3 Bb7 9. Ne5 Qc7 10. f4 0-0 11. Bh4 Be7 12. Bxf6 Bxf6 13. Qh5 g6 14. Qg4 cxd4 15. exd4 Ne7 16. Ndf3 Nf5 17. h4 Bxe5 18. Nxe5 f6 19. Nf3 Rae8 20. Kd2 Qg7 21. Rae1 Bc8 22. Bxf5 exf5 23. Qg3 Re4 24. h5 Rfe8 25. hxg6 hxg6 26. Rh2 Rxe1 27. Nxe1 Ba6 28. Nd3 Bxd3 29. Qxd3 Re4 30. g3 Qc7 1/2-1/2

[Event "ESP-ch U12"]
[Site "Salobrena"]
[Date "2021.07.05"]
[Round "2"]
[White "Padron Jimenez, Andres Alejandro"]
[Black "Fuentes Guinot, Alejandro"]
[Result "0-1"]
[WhiteElo "1298"]
[BlackElo "1592"]
[PlyCount "54"]
[EventDate "2021.07.05"]
[EventType "swiss"]
[EventRounds "9"]
[EventCountry "ESP"]
[SourceTitle "EXT 2022"]
[Source "ChessBase"]
[SourceDate "2021.10.06"]
[SourceVersion "1"]
[SourceVersionDate "2021.10.06"]
[SourceQuality "1"]

1. e4 e5 2. Nf3 Nc6 3. Bc4 Bc5 4. 0-0 Nf6 5. d3 h6 6. c3 a6 7. Re1 0-0 8. h3 Ba7 9. a4 d6 10. b4 Be6 11. Bxe6 fxe6 12. Nbd2 Ne7 13. Nf1 Ng6 14. Ng3 Nh7 15. d4 Qe8 16. Be3 Qf7 17. dxe5 Bxe3 18. fxe3 Nxe5 19. Rf1 Nxf3+ 20. Qxf3 Qg6 21. Qg4 Qxg4 22. hxg4 Nf6 23. g5 hxg5 24. c4 a5 25. b5 Ng4 26. Rfe1 Ne5 27. Rac1 Nd3 0-1